Adalékok a csehszlovák és magyar kommunisták kapcsolatához 1937-1939 /

Elmentve itt :
Bibliográfiai részletek
Szerző: Gyivicsán Anna
Dokumentumtípus: Cikk
Megjelent: 1964
Sorozat:A Szegedi Tanárképző Főiskola tudományos közleményei
Kulcsszavak:Csehszlovákia, Magyarország, Történelemtudomány
Online Access:http://acta.bibl.u-szeged.hu/17535
LEADER 00705nab a2200181 i 4500
001 acta17535
005 20210615110127.0
008 161015s1964 hu o 0|| hun d
022 |a 0371-3458 
040 |a SZTE Egyetemi Kiadványok Repozitórium  |b hun 
041 |a hun 
100 1 |a Gyivicsán Anna 
245 1 0 |a Adalékok a csehszlovák és magyar kommunisták kapcsolatához   |h [elektronikus dokumentum] :  |b 1937-1939 /  |c  Gyivicsán Anna 
260 |c 1964 
300 |a 175-187 
490 0 |a A Szegedi Tanárképző Főiskola tudományos közleményei 
695 |a Csehszlovákia, Magyarország, Történelemtudomány 
856 4 0 |u http://acta.bibl.u-szeged.hu/17535/1/tanarkepzo_1964_1_175-187.pdf  |z Dokumentum-elérés